000 00609nam a22001817a 4500
003 CEME
005 20210628210159.0
008 210215b xxu||||| |||| 00| 0 eng d
020 _a0-89006-713-9
040 _c.
082 _a621.382 HAR
100 _aJacobs, Charles.A Smith, Adrian.D Harte, Lawrence.J
_978396
245 _aIs-136 tdma technology economics and services
260 _aBOSTON
_bARTECH HOUSE
_c1998
300 _a309P
650 _aTIME DIVISION MULTIPLE ACCESS WIRELESS COMMUNICATION SYSTEMS-STANDARDS MOBILE COMMUNICATION SYSTEMS CELLUR RADIO TDMA TECHNOLOGY
_978397
942 _cBK
_2ddc
999 _c583523
_d583523